000 00503nam a22001817a 4500
003 OSt
005 20240417102206.0
008 240417b |||||||| |||| 00| 0 eng d
020 _a0971842770917
040 _aSEKU
050 _aE 99
_b.A56
100 _aAn-na-'im A, Abudullahi
245 _aCultural transformation and Human rights in Africa
260 _aNew York:
_bZed Books,
_c2008.
300 _a209p.:
650 _aRelocation
_xCultural assimilation
942 _2lcc
_cGEN
999 _c18412
_d18412